000 00577nam a2200241 a 4500
001 nice12345678
003 IN_TiNIC
005 20260116012823.0
008 050524s1956 lona grp 000 0 eng
020 _a
_c100
082 0 0 _a248
_bUND
100 _aUnderhill, Evelyn
245 _aCloud of Unknowing
260 _aLondon
_bJohn M. Watkins
_c1956
300 _a270p
500 _aincludes index and biblioraphy
505 2 _aIndex, Hymns
650 _aMysticism-Christianity
700 1 _aUnderhill, Evelyn
902 _bSRS
942 _cBK
999 _c8517
_d8517